[Event "III Open Praiascacchi"]
[Site "Praia a Mare ITA"]
[Date "2011.04.20"]
[Round "1"]
[White "Alagia, Pietro"]
[Black "Trematerra, Massimiliano"]
[Result "1-0"]
[WhiteElo "1607"]
[BlackElo "1392"]
[PlyCount "111"]
[EventDate "2011.04.20"]

1. d4 d5 2. g3 Nf6 3. Bg2 c6 4. Nf3 Nbd7 5. O-O a6 6. Nbd2 c5 7. dxc5 e5 8. b4
e4 9. Nd4 Ne5 10. c3 Bd7 11. a4 g6 12. Qb3 Neg4 13. c4 Bh6 14. cxd5 e3 15. Ne4
O-O 16. Nxf6+ Nxf6 17. Bxe3 Bg7 18. c6 Nxd5 19. cxd7 Nxe3 20. fxe3 Qxd7 21. Bd5
Rae8 22. Rad1 Re7 23. Nf3 Kh8 24. Ng5 f6 25. Be6 Qe8 26. Rc1 fxg5 27. Rc8 Rxe6
28. Rxf8+ Bxf8 29. Rxe8 Rxe8 30. Qf7 Rc8 31. Qxb7 Rc4 32. Qf7 Rc1+ 33. Kf2 Bxb4
34. Qf6+ Kg8 35. Qxa6 Be1+ 36. Kf3 Bc3 37. Qc4+ Kg7 38. a5 Rf1+ 39. Kg2 Rc1 40.
a6 Bd2 41. Qxc1 Bxc1 42. a7 Bxe3 43. a8=Q g4 44. Qe4 Bg5 45. Qxg4 Be3 46. h4 h5
47. Qe6 Bh6 48. Qe7+ Kh8 49. Qf6+ Kh7 50. e4 Bg7 51. Qf7 g5 52. Qxh5+ Bh6 53.
hxg5 Kg8 54. gxh6 Kh8 55. h7 Kg7 56. h8=Q# 1-0

[Event "III Open Praiascacchi"]
[Site "Praia a Mare ITA"]
[Date "2011.04.20"]
[Round "1"]
[White "Campilongo, Emanuele"]
[Black "Brogneri, Giovanni"]
[Result "0-1"]
[WhiteElo "1419"]
[BlackElo "1696"]
[PlyCount "82"]
[EventDate "2011.04.20"]

1. e4 c5 2. d3 Nc6 3. Nf3 d6 4. Be2 g6 5. O-O Bg7 6. c3 e5 7. c4 Nge7 8. Bg5
O-O 9. Nc3 f6 10. Be3 Nd4 11. Nd5 Nxe2+ 12. Qxe2 Nxd5 13. cxd5 f5 14. Bg5 Bf6
15. Bxf6 Qxf6 16. Rac1 fxe4 17. Qxe4 Bf5 18. Qc4 a6 19. Rcd1 b5 20. Qh4 Qxh4
21. Nxh4 Bd7 22. Rb1 a5 23. g3 g5 24. Ng2 Bf5 25. Rbd1 Bg4 26. Rd2 Bh3 27. f4
Bxg2 28. Kxg2 exf4 29. Re2 Rae8 30. Re6 Rxe6 31. dxe6 fxg3 32. e7 Re8 33. Rf8+
Rxf8 34. exf8=Q+ Kxf8 35. hxg3 h5 36. Kf3 d5 37. g4 h4 38. d4 c4 39. Ke3 b4 40.
b3 c3 41. Kd3 h3 0-1

[Event "III Open Praiascacchi"]
[Site "Praia a Mare ITA"]
[Date "2011.04.20"]
[Round "1"]
[White "Carlomagno, Vincenzo"]
[Black "Chite', Carmelo"]
[Result "1-0"]
[WhiteElo "1871"]
[BlackElo "1458"]
[PlyCount "51"]
[EventDate "2011.04.20"]

1. e4 d5 2. exd5 Qxd5 3. Nc3 Qd6 4. d4 Nf6 5. Nf3 a6 6. g3 Bg4 7. h3 Bf5 8. Bg2
e6 9. Nh4 Nc6 10. Nxf5 exf5 11. O-O O-O-O 12. Qf3 g6 13. Be3 Bg7 14. Rad1 Rhe8
15. Rfe1 h5 16. Kh2 h4 17. Bf4 hxg3+ 18. fxg3 Qd7 19. d5 Na5 20. Rxe8 Nxe8 21.
Qd3 Nd6 22. b3 Bf8 23. Na4 b5 24. Nc5 Qe7 25. Nxa6 g5 26. Bxd6 1-0

[Event "III Open Praiascacchi"]
[Site "Praia a Mare ITA"]
[Date "2011.04.20"]
[Round "1"]
[White "Felace, Luca"]
[Black "Greco, Simone"]
[Result "1-0"]
[WhiteElo "1407"]
[BlackElo "1611"]
[PlyCount "68"]
[EventDate "2011.04.20"]

1. e4 c5 2. Nf3 d6 3. d4 cxd4 4. Nxd4 Nf6 5. Nc3 a6 6. f4 e5 7. Nb3 Nbd7 8. Qf3
b5 9. a3 Bb7 10. Bd3 Qc7 11. O-O Rc8 12. Be3 Nb6 13. Bxb6 Qxb6+ 14. Qf2 Qxf2+
15. Rxf2 Be7 16. Raf1 Bd8 17. Kh1 Bb6 18. Rf3 O-O 19. fxe5 dxe5 20. Rf5 Rce8
21. Rg5 Re6 22. Nd2 Be3 23. Nf3 Bxg5 24. Nxg5 Re7 25. Nf3 Rd8 26. h3 Nh5 27.
Ne2 f5 28. Nd2 fxe4 29. Nxe4 Bxe4 30. Bxe4 Rd2 31. g4 Rxe2 32. Bd5+ Rf7 33.
Rxf7 Re1+ 34. Rf1+ Kh8 1-0

[Event "III Open Praiascacchi"]
[Site "Praia a Mare ITA"]
[Date "2011.04.20"]
[Round "1"]
[White "Gromovs, Sergejs"]
[Black "Levato, Biagio"]
[Result "1-0"]
[WhiteElo "2308"]
[BlackElo "1544"]
[PlyCount "51"]
[EventDate "2011.04.20"]

1. d4 Nf6 2. c4 e6 3. Nf3 c6 4. Nc3 Bb4 5. Qb3 Bxc3+ 6. bxc3 O-O 7. Ba3 Re8 8.
Bd6 Ne4 9. c5 Nxd6 10. cxd6 b6 11. e4 Bb7 12. Bd3 c5 13. dxc5 Nc6 14. e5 Rb8
15. cxb6 Na5 16. Qc2 g6 17. bxa7 Rc8 18. h4 Bxf3 19. gxf3 Nc6 20. f4 Nxa7 21.
h5 Nc6 22. hxg6 fxg6 23. Bxg6 Nd4 24. Bxh7+ Kf8 25. Qg6 Nf3+ 26. Kd1 1-0

[Event "III Open Praiascacchi"]
[Site "Praia a Mare ITA"]
[Date "2011.04.20"]
[Round "1"]
[White "Morelli, Gaetano"]
[Black "Garofalo, Raffaele"]
[Result "1-0"]
[WhiteElo "1840"]
[BlackElo "1441"]
[PlyCount "45"]
[EventDate "2011.04.20"]

1. e4 d6 2. d4 Nf6 3. Bd3 g6 4. Ne2 Bg7 5. Bf4 O-O 6. Qd2 Nbd7 7. Bh6 e5 8. c3
exd4 9. cxd4 Re8 10. Bxg7 Kxg7 11. Nbc3 b6 12. h4 Bb7 13. f3 c5 14. h5 Nxh5 15.
g4 Nhf6 16. Qh6+ Kg8 17. g5 Nh5 18. Rxh5 gxh5 19. e5 Re6 20. Bxh7+ Kh8 21. Bg6+
Kg8 22. Qh7+ Kf8 23. Qxf7# 1-0

[Event "III Open Praiascacchi"]
[Site "Praia a Mare ITA"]
[Date "2011.04.20"]
[Round "1"]
[White "Palermiti, Francesco"]
[Black "Ljubisavljevic, Zivojin Z."]
[Result "0-1"]
[WhiteElo "1521"]
[BlackElo "2211"]
[PlyCount "37"]
[EventDate "2011.04.20"]

1. d4 c5 2. d5 e6 3. c4 exd5 4. cxd5 d6 5. e4 Nf6 6. Nc3 a6 7. a4 g6 8. h3 Bg7
9. Nf3 O-O 10. Be2 Re8 11. Qc2 Qa5 12. O-O b5 13. Bd2 b4 14. Nb1 Nxe4 15. b3
Bxa1 16. Bd3 Nxd2 17. Nbxd2 Bg7 18. Nc4 Qd8 19. Ng5 0-1

[Event "III Open Praiascacchi"]
[Site "Praia a Mare ITA"]
[Date "2011.04.20"]
[Round "1"]
[White "Pinton, Maurizio"]
[Black "Vizza, Pietro"]
[Result "1/2-1/2"]
[WhiteElo "2015"]
[BlackElo "1479"]
[PlyCount "62"]
[EventDate "2011.04.20"]

1. e4 d6 2. d4 Nf6 3. Nc3 e5 4. Nf3 Nbd7 5. Bc4 Be7 6. Bxf7+ Kxf7 7. Ng5+ Kg8
8. Ne6 Qe8 9. Nxc7 Qd8 10. Nxa8 b5 11. dxe5 dxe5 12. Nd5 Bd6 13. Bg5 Bb7 14.
Nab6 axb6 15. Qe2 Bc6 16. Rd1 h6 17. Bh4 Kf7 18. O-O g5 19. Bg3 Bxd5 20. exd5
Qa8 21. a3 Qa4 22. f4 gxf4 23. Bxf4 exf4 24. Qe6+ Kg7 25. Qxd6 Qxc2 26. Rfe1
Re8 27. Qxf4 Re4 28. Qg3+ Rg4 29. Qf3 Qc5+ 30. Kh1 Rg5 31. d6 Re5 1/2-1/2

[Event "III Open Praiascacchi"]
[Site "Praia a Mare ITA"]
[Date "2011.04.20"]
[Round "1"]
[White "Ponticelli, Carmine"]
[Black "Gad, Ahmad"]
[Result "0-1"]
[WhiteElo "1470"]
[BlackElo "1954"]
[PlyCount "114"]
[EventDate "2011.04.20"]

1. e4 c5 2. Nf3 d6 3. d4 cxd4 4. Nxd4 Nf6 5. Nc3 g6 6. Bb5+ Nbd7 7. O-O Bg7 8.
Bg5 O-O 9. Qd2 a6 10. Bc4 Ne5 11. Bb3 b5 12. Rfe1 Re8 13. Nd5 e6 14. Nxf6+ Bxf6
15. Bxf6 Qxf6 16. Rad1 Bb7 17. c3 Rac8 18. Nc2 Red8 19. Nb4 a5 20. Nd3 a4 21.
Bc2 a3 22. b3 Rxc3 23. Nxe5 Qxe5 24. Bd3 Rdc8 25. f4 Qc5+ 26. Qf2 d5 27. exd5
Bxd5 28. Qxc5 R8xc5 29. Kf2 h5 30. g3 Kg7 31. Ke3 b4 32. Kd4 h4 33. Rd2 hxg3
34. hxg3 Rc8 35. g4 Rd8 36. Ke3 Rh8 37. Kd4 Rd8 38. Ke3 Rh8 39. Kd4 Rh4 40. Be2
Rhh3 41. Rd3 Rcxd3+ 42. Bxd3 Rh2 43. Bb1 Rf2 44. f5 Rf4+ 45. Ke5 Rxg4 46. f6+
Kh6 47. Be4 Rxe4+ 48. Rxe4 Bxe4 49. Kxe4 g5 50. Kf3 Kg6 51. Kg4 Kxf6 52. Kf3
Ke5 53. Kg4 f5+ 54. Kxg5 f4 55. Kg4 Ke4 56. Kh3 f3 57. Kg3 Ke3 0-1

[Event "III Open Praiascacchi"]
[Site "Praia a Mare ITA"]
[Date "2011.04.20"]
[Round "1"]
[White "Rametta, Marcello"]
[Black "Attina', Rodolfo"]
[Result "1-0"]
[WhiteElo "1725"]
[BlackElo "1425"]
[PlyCount "85"]
[EventDate "2011.04.20"]

1. e4 e6 2. c3 c5 3. Bd3 g6 4. Bc2 Nc6 5. Nf3 Bg7 6. a3 Nge7 7. d3 d6 8. Bg5
Qc7 9. Nbd2 e5 10. h3 Nd8 11. Ba4+ Nec6 12. Bxd8 Qxd8 13. Nc4 O-O 14. Qd2 Rb8
15. Ne3 Ne7 16. Bb3 Bh6 17. Qe2 b5 18. Ng4 Bg7 19. Ng5 c4 20. dxc4 h6 21. Nf3
Be6 22. Ne3 Qc8 23. Nd5 Qb7 24. cxb5 Nxd5 25. exd5 Bxd5 26. Bxd5 Qxd5 27. c4
Qb7 28. Rd1 e4 29. Nd4 e3 30. fxe3 Qe4 31. Qf3 Rfe8 32. Qxe4 Rxe4 33. Kf2 Rc8
34. Nc6 Bxb2 35. Rxd6 Bxa3 36. Rd4 Rxd4 37. exd4 Rc7 38. Ra1 Bb2 39. Ra2 Bc1
40. Rxa7 Bf4 41. Kf3 Bd6 42. c5 Rxa7 43. Nxa7 1-0

[Event "III Open Praiascacchi"]
[Site "Praia a Mare ITA"]
[Date "2011.04.20"]
[Round "1"]
[White "Stoduto, Francesco"]
[Black "Di Salvio, Giuseppe"]
[Result "0-1"]
[WhiteElo "1458"]
[BlackElo "1864"]
[PlyCount "66"]
[EventDate "2011.04.20"]

1. d4 d5 2. e3 Nf6 3. Nd2 Bf5 4. h3 h6 5. b3 e6 6. Bb2 Nbd7 7. Ngf3 Be7 8. Bd3
Ne4 9. Qe2 c6 10. c4 a6 11. a3 b5 12. cxd5 cxd5 13. b4 Rc8 14. O-O O-O 15. Nb3
Nb6 16. Nc5 Nxc5 17. dxc5 Bxd3 18. Qxd3 Nc4 19. Bd4 f6 20. Nh4 e5 21. Qg6 Qe8
22. Qf5 Rf7 23. Qe6 exd4 24. Nf5 Bf8 25. Qxd5 Rd8 26. Qf3 Nd2 27. Qg3 Nxf1 28.
Nxh6+ Kh7 29. Qf3 gxh6 30. Qf5+ Kg8 31. Kxf1 Qe5 32. Qd3 dxe3 33. Qxd8 Qxa1+
0-1

[Event "III Open Praiascacchi"]
[Site "Praia a Mare ITA"]
[Date "2011.04.21"]
[Round "2"]
[White "Attina', Rodolfo"]
[Black "Palermiti, Francesco"]
[Result "0-1"]
[WhiteElo "1425"]
[BlackElo "1521"]
[PlyCount "82"]
[EventDate "2011.04.20"]

1. b4 e6 2. Bb2 Nf6 3. a3 b5 4. d4 Bb7 5. e3 a6 6. Nd2 d5 7. Ngf3 Bd6 8. g3
Nbd7 9. Bd3 Ne4 10. O-O Nb6 11. c3 Nc4 12. Nxc4 bxc4 13. Be2 O-O 14. Nd2 Ng5
15. Nf3 Re8 16. Nxg5 Qxg5 17. Bf3 e5 18. Bg2 e4 19. a4 c6 20. Bh3 Bc8 21. Bg2
h5 22. b5 axb5 23. axb5 Rxa1 24. Qxa1 cxb5 25. Qa8 h4 26. f4 Qh5 27. Qc6 Rd8
28. Qxb5 hxg3 29. hxg3 Be6 30. Qa4 g6 31. Ba3 Bxa3 32. Qxa3 Kg7 33. Qa1 Rb8 34.
Kf2 Qh8 35. Qd1 Rb2+ 36. Kg1 Bh3 37. Rf2 Bxg2 38. Rxg2 Rb3 39. Qe1 Qb8 40. Kh2
Rb1 41. Qd2 Qh8# 0-1

[Event "III Open Praiascacchi"]
[Site "Praia a Mare ITA"]
[Date "2011.04.21"]
[Round "2"]
[White "Brogneri, Giovanni"]
[Black "Carlomagno, Vincenzo"]
[Result "0-1"]
[WhiteElo "1696"]
[BlackElo "1871"]
[PlyCount "129"]
[EventDate "2011.04.20"]

1. c4 c5 2. Nc3 g6 3. g3 Bg7 4. Bg2 Nc6 5. e4 d6 6. Nge2 e6 7. d3 Nge7 8. O-O
O-O 9. Be3 Nd4 10. Qd2 Nec6 11. Bh6 Qa5 12. Bxg7 Kxg7 13. Rfd1 Nxe2+ 14. Nxe2
Qxd2 15. Rxd2 e5 16. Rf1 Be6 17. f4 f6 18. h3 Rab8 19. b3 a6 20. a4 b5 21. axb5
axb5 22. Ra1 bxc4 23. bxc4 Ra8 24. Rda2 Rxa2 25. Rxa2 Nb4 26. Ra7+ Rf7 27.
Rxf7+ Kxf7 28. Nc1 Ke7 29. fxe5 dxe5 30. Kf2 Bd7 31. Ke3 Ba4 32. Bf1 Bc2 33. g4
Kd6 34. Be2 Kc6 35. Kd2 Kb6 36. Bd1 Bb1 37. Ke3 Kc7 38. Nb3 Bxd3 39. Nxc5 Bxc4
40. h4 Kc6 41. Nb3 Bxb3 42. Bxb3 g5 43. hxg5 fxg5 44. Be6 Nc2+ 45. Kf2 Nd4 46.
Bg8 h6 47. Ke3 Kd6 48. Bd5 Kc5 49. Bf7 Kb4 50. Kd3 Nb3 51. Bg6 Nc5+ 52. Ke3 Kc3
53. Bf5 Nb3 54. Bg6 Nd4 55. Bh7 Nc2+ 56. Ke2 Kd4 57. Kf3 Kd3 58. Bf5 Nd4+ 59.
Kf2 Kd2 60. Kf1 Ke3 61. Kg2 Kf4 62. Kf2 Nc2 63. Ke2 Ne3 64. Kf2 Nxg4+ 65. Kg2
0-1

[Event "III Open Praiascacchi"]
[Site "Praia a Mare ITA"]
[Date "2011.04.21"]
[Round "2"]
[White "Carlomagno, Feliciano"]
[Black "Pelyushenko, Vladyslav"]
[Result "0-1"]
[WhiteElo "1353"]
[BlackElo "1800"]
[PlyCount "108"]
[EventDate "2011.04.20"]

1. e4 c5 2. Nf3 d6 3. Nc3 Nf6 4. Bc4 Nc6 5. d3 a6 6. h3 e6 7. O-O b5 8. Bb3 Bb7
9. a3 Be7 10. Be3 O-O 11. Ne2 Nd7 12. Nd2 Nde5 13. Ba2 d5 14. exd5 exd5 15. f4
d4 16. Bf2 Nd7 17. Bd5 Nf6 18. Bf3 Qd7 19. b4 cxb4 20. axb4 Bxb4 21. Nb3 Rad8
22. Rb1 Nd5 23. Nexd4 Nc3 24. Bg4 f5 25. Nxf5 Qxf5 26. Bxf5 Nxd1 27. Be6+ Kh8
28. Rbxd1 Rxf4 29. Bb6 Rdf8 30. Rxf4 Rxf4 31. Bc7 Rf6 32. Bd5 Bc8 33. Bg3 Rg6
34. Kh2 Ne7 35. Be4 Rf6 36. Be5 Bd6 37. Bxd6 Rxd6 38. Rf1 Be6 39. Nc5 g6 40.
Ra1 Bc8 41. Nb7 Rf6 42. Re1 Bxb7 43. Bxb7 Nf5 44. g4 Nd4 45. c3 Nb3 46. Bd5 Nc5
47. d4 Na4 48. Rc1 Kg7 49. Kg3 Kf8 50. Bb3 Nb6 51. Kh4 a5 52. Kg5 Rf3 53. h4
Kg7 54. Bd1 h6# 0-1

[Event "III Open Praiascacchi"]
[Site "Praia a Mare ITA"]
[Date "2011.04.21"]
[Round "2"]
[White "De Sio, Gennaro"]
[Black "Ponticelli, Carmine"]
[Result "1/2-1/2"]
[WhiteElo "1407"]
[BlackElo "1470"]
[PlyCount "53"]
[EventDate "2011.04.20"]

1. d4 Nf6 2. c4 g6 3. Nc3 Bg7 4. e4 d6 5. Nf3 Bg4 6. Be2 Nbd7 7. Bf4 Bxf3 8.
Bxf3 e5 9. Bg3 O-O 10. d5 c6 11. O-O Qc7 12. Rc1 a5 13. Qd2 Nc5 14. Rfd1 Rfd8
15. a3 Nb3 16. Qe3 Nxc1 17. Rxc1 h5 18. Be2 Kh7 19. f4 Bh6 20. Rf1 Nd7 21. Qf3
Qb6+ 22. Kh1 Rf8 23. Na4 Qc7 24. fxe5 Nxe5 25. Bxe5 dxe5 26. Rd1 Rad8 27. Qd3
1/2-1/2

[Event "III Open Praiascacchi"]
[Site "Praia a Mare ITA"]
[Date "2011.04.21"]
[Round "2"]
[White "Di Salvio, Giuseppe"]
[Black "Alagia, Pietro"]
[Result "1-0"]
[WhiteElo "1864"]
[BlackElo "1607"]
[PlyCount "57"]
[EventDate "2011.04.20"]

1. e4 d5 2. exd5 Qxd5 3. Nc3 Qd8 4. Nf3 g6 5. Bc4 Nf6 6. O-O Bg7 7. h3 O-O 8.
d4 b6 9. Be3 Ba6 10. Bxa6 Nxa6 11. a3 c6 12. Qd3 Nc7 13. Rad1 Ncd5 14. Bd2 Qc7
15. Ne2 Rad8 16. c4 Rd7 17. cxd5 Nxd5 18. Nc3 Rfd8 19. Be3 Qc8 20. Qb1 Nxe3 21.
fxe3 Bh6 22. Rd3 c5 23. Qe1 Qa6 24. Rd1 cxd4 25. exd4 Qb7 26. Ne5 Rxd4 27. Rxd4
Rxd4 28. Nxf7 Bg7 29. Qe6 1-0

[Event "III Open Praiascacchi"]
[Site "Praia a Mare ITA"]
[Date "2011.04.21"]
[Round "2"]
[White "Felace, Luca"]
[Black "Morelli, Gaetano"]
[Result "0-1"]
[WhiteElo "1407"]
[BlackElo "1840"]
[PlyCount "68"]
[EventDate "2011.04.20"]

1. e4 e5 2. Nf3 Nc6 3. Bc4 Bc5 4. c3 Nf6 5. d4 exd4 6. cxd4 Bb4+ 7. Nc3 Nxe4 8.
O-O Bxc3 9. d5 O-O 10. bxc3 Ne7 11. Qc2 Nc5 12. d6 cxd6 13. Bg5 b5 14. Bd5 Bb7
15. Rfe1 Re8 16. Bxf7+ Kxf7 17. Qxh7 Bxf3 18. gxf3 Ne6 19. Qh5+ Kg8 20. Kh1
Nxg5 21. Qxg5 g6 22. Rg1 Kf7 23. Rae1 Rg8 24. Qh6 Nf5 25. Qd2 Rb8 26. Rg5 Qf6
27. Reg1 Rbe8 28. Qd5+ Kf8 29. Rxf5 Qxf5 30. Qxd6+ Kf7 31. Qd1 Rh8 32. f4 Rxh2+
33. Kxh2 Rh8+ 34. Kg2 Qh3# 0-1

[Event "III Open Praiascacchi"]
[Site "Praia a Mare ITA"]
[Date "2011.04.21"]
[Round "2"]
[White "Forlano, Luigi"]
[Black "Mercuri, Delia"]
[Result "1-0"]
[WhiteElo "2035"]
[BlackElo "1559"]
[PlyCount "55"]
[EventDate "2011.04.20"]

1. e4 e5 2. f4 exf4 3. Nf3 d6 4. d4 Be7 5. Bxf4 Bg4 6. Nc3 Nf6 7. h3 Bxf3 8.
Qxf3 Nc6 9. O-O-O Nd7 10. Bc4 O-O 11. h4 Na5 12. Bd3 c5 13. dxc5 Nxc5 14. Be2
Ne6 15. Bxd6 Bxd6 16. e5 Nc6 17. Rxd6 Qa5 18. Rd5 Qb4 19. Rf1 Ncd4 20. Qf2 Rac8
21. Rd7 Qc5 22. Bd3 Qxe5 23. Rd5 Qc7 24. Rh5 g6 25. Nd5 Qxc2+ 26. Bxc2 Rxc2+
27. Qxc2 Nxc2 28. Nf6+ 1-0

[Event "III Open Praiascacchi"]
[Site "Praia a Mare ITA"]
[Date "2011.04.21"]
[Round "2"]
[White "Frontera, Domenico"]
[Black "Gromovs, Sergejs"]
[Result "0-1"]
[WhiteElo "1753"]
[BlackElo "2308"]
[PlyCount "100"]
[EventDate "2011.04.20"]

1. e4 c5 2. Nf3 d6 3. d4 cxd4 4. Nxd4 Nf6 5. Nc3 a6 6. Bc4 e6 7. Bb3 Nbd7 8.
Be3 Nc5 9. O-O Nfxe4 10. Nxe4 Nxe4 11. Re1 Nc5 12. Bd5 Be7 13. Bf3 e5 14. Bd5
exd4 15. Bxd4 O-O 16. Qf3 Bf6 17. Bxf6 Qxf6 18. Qxf6 gxf6 19. Re7 Be6 20. Bxe6
Nxe6 21. Rxb7 Rab8 22. Rd7 Rxb2 23. Rxd6 Rxc2 24. Rxa6 Rd8 25. Ra3 Rdd2 26.
Rg3+ Kf8 27. a4 Nd4 28. Rg4 Ra2 29. Rb1 Rxa4 30. Rb8+ Ke7 31. Re4+ Ne6 32. Rb7+
Kf8 33. Rb8+ Kg7 34. Re1 Raa2 35. Rf1 Nf4 36. Rb3 f5 37. Rf3 Ne2+ 38. Kh1 Nd4
39. Rg3+ Kf6 40. f4 Rf2 41. Re1 Ne6 42. Rh3 Rxg2 43. Rxh7 Nxf4 44. Rf1 Rgf2 45.
Rd1 Rfd2 46. Rb1 Nd3 47. Rf1 Nf2+ 48. Kg2 Nh3+ 49. Kg3 Rg2+ 50. Kh4 Rg4+ 0-1

[Event "III Open Praiascacchi"]
[Site "Praia a Mare ITA"]
[Date "2011.04.21"]
[Round "2"]
[White "Gad, Ahmad"]
[Black "Barlotti, Gabriele"]
[Result "1-0"]
[WhiteElo "1954"]
[BlackElo "1688"]
[PlyCount "45"]
[EventDate "2011.04.20"]

1. e4 e6 2. d3 d5 3. Nd2 c5 4. g3 Nc6 5. Bg2 Nf6 6. Ngf3 dxe4 7. dxe4 Be7 8.
O-O O-O 9. e5 Ng4 10. Qe2 Qc7 11. Nc4 f6 12. exf6 Bxf6 13. h3 Nge5 14. Nfxe5
Bxe5 15. Bxc6 Bxg3 16. Bg2 Bh2+ 17. Kh1 Bd7 18. b3 b5 19. Bxa8 Rxa8 20. Nd2 Rf8
21. Bb2 Bc6+ 22. f3 Bg3 23. Ne4 1-0

[Event "III Open Praiascacchi"]
[Site "Praia a Mare ITA"]
[Date "2011.04.21"]
[Round "2"]
[White "Garofalo, Raffaele"]
[Black "Campilongo, Emanuele"]
[Result "1/2-1/2"]
[WhiteElo "1441"]
[BlackElo "1419"]
[PlyCount "85"]
[EventDate "2011.04.20"]

1. d4 d5 2. Nf3 Nf6 3. e3 Bg4 4. Bd3 g6 5. Nbd2 Nc6 6. c3 Qd6 7. O-O O-O-O 8.
a3 e5 9. dxe5 Nxe5 10. Be2 h5 11. Nxe5 Qxe5 12. Nf3 Qd6 13. Ng5 Rd7 14. Nf3 c6
15. b4 Bxf3 16. Bxf3 Ng4 17. g3 Bg7 18. Bb2 Ne5 19. Be2 h4 20. Rb1 hxg3 21.
fxg3 b5 22. a4 a6 23. axb5 axb5 24. Ra1 Kd8 25. Ra8+ Ke7 26. Rxh8 Bxh8 27. Bg4
Nxg4 28. Qxg4 Qe6 29. Qxe6+ fxe6 30. h4 e5 31. Rd1 Ke6 32. Kg2 e4 33. Rf1 Rf7
34. Rxf7 Kxf7 35. g4 Be5 36. Kh3 g5 37. h5 Kg7 38. Kg2 Kf6 39. Kf2 Ke6 40. Ke2
Kd6 41. Kd2 c5 42. Kc2 c4 43. Kd2 1/2-1/2

[Event "III Open Praiascacchi"]
[Site "Praia a Mare ITA"]
[Date "2011.04.21"]
[Round "2"]
[White "Ljubisavljevic, Zivojin Z."]
[Black "Rametta, Marcello"]
[Result "1-0"]
[WhiteElo "2211"]
[BlackElo "1725"]
[PlyCount "93"]
[EventDate "2011.04.20"]

1. e4 c5 2. f4 Nc6 3. Nf3 d6 4. Bb5 Bd7 5. O-O a6 6. Bxc6 Bxc6 7. d3 Nf6 8. Nc3
Qb6 9. Kh1 e6 10. f5 Be7 11. fxe6 fxe6 12. Ng5 Bd7 13. b3 O-O 14. Bb2 e5 15.
Bc1 Qd8 16. Bd2 b5 17. Qe1 h6 18. Nf3 b4 19. Nd1 Nh5 20. Ne3 Nf4 21. g3 Nh3 22.
Nd5 Bg4 23. Ng1 Rxf1 24. Qxf1 Nxg1 25. Kxg1 Bg5 26. Qf2 Bxd2 27. Qxd2 Qd7 28.
Nb6 Qb7 29. Nxa8 Qxa8 30. a3 Qa7 31. axb4 cxb4+ 32. Qf2 Qb7 33. Kg2 d5 34. h3
Be6 35. exd5 Qxd5+ 36. Kh2 Bc8 37. Rf1 Qe6 38. g4 Qc6 39. Qf7+ Kh7 40. Qc4 Qd7
41. Rf7 Qe8 42. Rc7 Bd7 43. Kg2 Qd8 44. Qe4+ Kh8 45. Ra7 Qe7 46. Ra8+ Be8 47.
Qc6 1-0

[Event "III Open Praiascacchi"]
[Site "Praia a Mare ITA"]
[Date "2011.04.21"]
[Round "2"]
[White "Mileo, Miguelito"]
[Black "Cordi', Domenico"]
[Result "0-1"]
[WhiteElo "1824"]
[BlackElo "2042"]
[PlyCount "82"]
[EventDate "2011.04.20"]

1. d4 Nf6 2. Bf4 g6 3. e3 Bg7 4. Nf3 O-O 5. Be2 d6 6. O-O Qe8 7. h3 Nbd7 8. Bh2
e5 9. c4 Qe7 10. Nc3 c6 11. Rc1 b6 12. b4 Bb7 13. Re1 a5 14. b5 c5 15. Bf1 Ne8
16. dxc5 dxc5 17. e4 Rd8 18. Nd5 Bxd5 19. cxd5 Nd6 20. a4 Bh6 21. Rc2 Qf6 22.
g4 Bf4 23. Bg3 Rde8 24. Bd3 Kh8 25. Kg2 Qg7 26. Ng1 Qh6 27. Ne2 Bg5 28. Rh1 f5
29. f4 exf4 30. h4 fxg3 31. hxg5 Qxg5 32. Nxg3 f4 33. e5 Rxe5 34. Nh5 f3+ 35.
Kg3 gxh5 36. Rxh5 Qf4+ 37. Kf2 Rxh5 38. gxh5 Ne5 39. Qa1 Rg8 40. Kf1 Qe3 41.
Rf2 Qxd3+ 0-1

[Event "III Open Praiascacchi"]
[Site "Praia a Mare ITA"]
[Date "2011.04.21"]
[Round "2"]
[White "Trematerra, Massimiliano"]
[Black "Stoduto, Francesco"]
[Result "0-1"]
[WhiteElo "1392"]
[BlackElo "1458"]
[PlyCount "118"]
[EventDate "2011.04.20"]

1. d4 d5 2. c4 c6 3. Nc3 Nf6 4. c5 e6 5. e3 Nbd7 6. Nf3 b5 7. b4 Be7 8. Qb3 Bb7
9. Bb2 O-O 10. Be2 h6 11. a4 a6 12. O-O Qc7 13. axb5 axb5 14. Rxa8 Rxa8 15. Ra1
Rxa1+ 16. Bxa1 Ba6 17. Qb1 Qd8 18. Ne5 Nxe5 19. dxe5 Nd7 20. Na4 Bc8 21. Bd4
bxa4 22. Qa2 Bb7 23. Qxa4 Qa8 24. Qa5 Qxa5 25. bxa5 Nb8 26. Kf1 Bd8 27. Bc3 Ba6
28. Ke1 Bxe2 29. Kxe2 Na6 30. Kd2 Nxc5 31. Kc2 Na6 32. Kb2 Be7 33. e4 Kf8 34.
exd5 exd5 35. Bd4 Bc5 36. Be3 Bxe3 37. fxe3 Ke7 38. Kc3 c5 39. g4 Kd7 40. e4
d4+ 41. Kc4 Kc6 42. h4 Nb4 43. g5 hxg5 44. hxg5 d3 45. Kc3 Kd7 46. a6 Nxa6 47.
Kxd3 Ke6 48. Ke2 Kxe5 49. Ke3 c4 50. Kf3 Nc5 51. Ke3 Nxe4 52. g6 fxg6 53. Kf3
g5 54. Ke2 g4 55. Kd1 Kd4 56. Ke1 Ke3 57. Kf1 c3 58. Kg2 g3 59. Kh1 Kf3 0-1

[Event "III Open Praiascacchi"]
[Site "Praia a Mare ITA"]
[Date "2011.04.21"]
[Round "2"]
[White "Valotta, Massimiliano"]
[Black "Pinton, Maurizio"]
[Result "0-1"]
[WhiteElo "1856"]
[BlackElo "2015"]
[PlyCount "78"]
[EventDate "2011.04.20"]

1. d4 e6 2. c4 f5 3. d5 e5 4. Nf3 d6 5. Nc3 Nf6 6. Bg5 Be7 7. Qc2 Na6 8. e3
Nxd5 9. cxd5 Bxg5 10. Bxa6 bxa6 11. Qa4+ Bd7 12. Qxa6 O-O 13. O-O Bf6 14. e4
Qb8 15. b3 fxe4 16. Nd2 e3 17. fxe3 Bg5 18. Rxf8+ Qxf8 19. Qe2 Qb8 20. Nc4 a5
21. Ne4 Bh6 22. g4 Qd8 23. Rf1 Qh4 24. h3 Qe7 25. Qg2 Bg5 26. Nxg5 Qxg5 27. Qf3
Qe7 28. a4 Be8 29. e4 Bg6 30. h4 Qxh4 31. Nxa5 Qg5 32. Nc6 h5 33. a5 hxg4 34.
Qe2 g3 35. b4 Qh4 36. Rf5 Bxf5 37. exf5 Kf7 38. b5 Rh8 39. Qg2 Qf4 0-1

[Event "III Open Praiascacchi"]
[Site "Praia a Mare ITA"]
[Date "2011.04.21"]
[Round "3"]
[White "Alagia, Pietro"]
[Black "Palermiti, Francesco"]
[Result "1-0"]
[WhiteElo "1607"]
[BlackElo "1521"]
[PlyCount "131"]
[EventDate "2011.04.20"]

1. d4 d5 2. g3 e6 3. Bg2 Nf6 4. Nf3 Nbd7 5. O-O c6 6. Nbd2 b5 7. Re1 Bb7 8. c3
c5 9. dxc5 Bxc5 10. Nb3 Be7 11. Nfd4 a6 12. Nd2 O-O 13. Bh3 e5 14. Nf5 e4 15.
Nxe7+ Qxe7 16. Nb3 a5 17. Nd4 b4 18. Nf5 Qd8 19. cxb4 axb4 20. b3 Nc5 21. Bf4
Ne6 22. Bd6 Re8 23. Bxb4 Qb6 24. Bc3 Ng5 25. Bg2 Bc8 26. Bd4 Qe6 27. Ne3 Ng4
28. Nxg4 Qxg4 29. f3 Qh5 30. f4 Ne6 31. e3 Qh6 32. Re2 Nxd4 33. Qxd4 Bg4 34.
Rf2 Red8 35. f5 Ra6 36. Bxe4 Rad6 37. Bg2 Qf6 38. Qxf6 Rxf6 39. Raf1 d4 40.
exd4 Rxd4 41. h3 Bd1 42. g4 Rfd6 43. g5 Bh5 44. Bf3 Bxf3 45. Rxf3 Rd1 46. Rxd1
Rxd1+ 47. Rf1 Rd2 48. Rf2 Rd1+ 49. Kg2 g6 50. f6 Kf8 51. Rc2 Rd8 52. b4 Ke8 53.
b5 Rb8 54. a4 Kd8 55. Kf3 Rb6 56. Rc6 Rxc6 57. bxc6 Kc7 58. a5 Kxc6 59. a6 Kb6
60. Ke4 Kxa6 61. Kd5 Kb7 62. Kd6 Kc8 63. Ke7 Kc7 64. Kxf7 Kd6 65. Ke8 Ke6 66.
f7 1-0

[Event "III Open Praiascacchi"]
[Site "Praia a Mare ITA"]
[Date "2011.04.21"]
[Round "3"]
[White "Barlotti, Gabriele"]
[Black "Felace, Luca"]
[Result "1-0"]
[WhiteElo "1688"]
[BlackElo "1407"]
[PlyCount "87"]
[EventDate "2011.04.20"]

1. d4 Nf6 2. c4 g6 3. Nc3 Bg7 4. e4 d6 5. Be2 O-O 6. Bg5 Nbd7 7. Qd2 b6 8. g4
c5 9. d5 Ne5 10. f3 Ba6 11. b3 Rb8 12. h4 Bc8 13. h5 a6 14. hxg6 fxg6 15. Bh6
Rf7 16. Nh3 Qf8 17. Bxg7 Rxg7 18. O-O-O Ne8 19. Ng5 Nc7 20. Rh2 Nf7 21. Rdh1
Nxg5 22. Qxg5 Qf6 23. Qxf6 exf6 24. f4 b5 25. f5 g5 26. Rh6 Rf7 27. Bd3 b4 28.
Ne2 Bd7 29. Ng3 a5 30. e5 dxe5 31. Ne4 Rb6 32. Nxg5 Rg7 33. Nxh7 Ne8 34. g5 Rd6
35. g6 a4 36. Nxf6+ Kf8 37. Rh8+ Ke7 38. Ne4 axb3 39. Nxd6 bxa2 40. Kb2 Nxd6
41. R8h7 Ne8 42. f6+ Kxf6 43. Rf1+ Ke7 44. Rxg7+ 1-0